000 00846nam a2200265 i 4500
001 91985
003 ES-MaACL
005 20230906180853.0
007 t|
008 050314s1993 sp |||| | spa d
080 _a321.01
080 _a342.3(4)(091)
100 1 _aBernal, Calixto,
_d1804-1886
_928175
245 1 0 _aTeoría de la autoridad
_b: aplicada a las naciones modernas /
_c[Calixto Bernal ; prólogo de Fernando Bernal].
260 _aMadrid :
_bPlayor,
_c1993.
300 _a2 v. ;
_c21 cm.
534 _pReprod. facs. de la ed. de:
_cMadrid, 1856-1857.
650 1 4 _aAutoridad.
_9147898
650 4 _aRegímenes políticos-
_zEuropa-
_vHistoria.
_9147899
655 7 _2tgfbne
_9226495
_aFacsímiles
700 1 _aBernal, Fernando.
_928178
852 _aES-MaACL
_jE-10818-19
942 _2udc
999 _c91985
_d91985